| 000 | 00697nam a2200217 a 4500 | ||
|---|---|---|---|
| 001 | 000008587 | ||
| 005 | 20200929161352.0 | ||
| 008 | 090914s2003 dr a r 000 0 spa d | ||
| 040 |
_aDO-SdBNP _bspa _cBNPHU |
||
| 082 |
_a641.597293 _bM296c, 2003 |
||
| 100 | 1 |
_aManzano de Ortíz, Mercedes _923001 |
|
| 245 | 1 | 0 |
_aCocinando con Chea de Ortíz / _cMercedes Manzano de Ortíz. |
| 250 | _a6a ed. | ||
| 260 |
_aSanto Domingo : _bCorripio, _c2003. |
||
| 300 |
_av. : _bil. ; _c23 cm. |
||
| 500 | _aLa biblioteca posee el volumen 1 | ||
| 590 | _aInventariado, 2018/BT | ||
| 650 | 4 |
_aCocina dominicana _9192 |
|
| 650 | 4 |
_aPreparación de alimentos _9193 |
|
| 910 | _aValidado. Control de calidad. MMOLINA | ||
| 999 |
_c8357 _d8357 |
||